| 000 | 00735nam a2200229 a 4500 | ||
|---|---|---|---|
| 005 | 20240215063748.0 | ||
| 008 | 991125 bar 000 0 spa u | ||
| 020 | _a8476583087 | ||
| 035 | _aUPN01000043630 | ||
| 049 | _aCG | ||
| 050 | 4 |
_aT14 _bH6.68 |
|
| 100 | 1 |
_aHottois, Gilbert, _d1946- |
|
| 245 | 1 | 3 |
_aEl paradigma bioético : _buna ética para la tecnociencia / _cGilbert Hottois ; tr. del francés M. Carmen Monge |
| 260 |
_aBarcelona, Esp. : _bAnthropos : _bUniversidad del País Vasco, |
||
| 300 | _a205 p. | ||
| 440 | 0 |
_aNueva ciencia ; _v8 |
|
| 650 | 4 |
_aBioética _93958 |
|
| 650 | 4 |
_aTECNOLOGIA - _xFILOSOFIA _91065 |
|
| 650 | 4 |
_aTECNOLOGIA - _xASPECTOS MORALES Y ETICOS _921975 |
|
| 904 |
_aAC _b043632 |
||
| 905 | _aLibro | ||
| 999 |
_c43630 _d43630 |
||